000 00329 a2200109 4500
001 ART_11326
005 20260410161856.0
008 260409a
245 1 0 _aSituación económica, financiera y monetaria actual
100 1 _aRobbins, Lionel
773 0 _tRevista de Economía
_g- Nº 34 (sep. 1982)
_wREV11077
999 _c25469
_d25469